[Event "Lleida Province-chB"]
[Site "Lleida"]
[Date "2011.11.01"]
[Round "5"]
[White "Orrit Sole, Gerard"]
[Black "Font Garcia, Xavier"]
[Result "1/2-1/2"]
[WhiteElo "1722"]
[BlackElo "1745"]
[PlyCount "106"]
[EventDate "2011.10.09"]
[EventType "swiss"]
[EventRounds "9"]
[EventCountry "ESP"]
[SourceTitle "EXT 2017"]
[Source "ChessBase"]
[SourceDate "2016.10.25"]
[SourceVersion "1"]
[SourceVersionDate "2016.10.25"]
[SourceQuality "1"]

1. Nf3 d5 2. g3 c5 3. Bg2 Nc6 4. 0-0 Nf6 5. d3 e5 6. Nc3 Be7 7. e4 d4 8. Ne2 b5 9. Ne1 0-0 10. f4 exf4 11. gxf4 Bg4 12. h3 Bh5 13. Nf3 a5 14. Ng3 Ra6 15. e5 Bxf3 16. Qxf3 Nd7 17. a3 a4 18. Nf5 c4 19. Qg3 g6 20. dxc4 bxc4 21. Bxc6 Rxc6 22. Nxd4 Rb6 23. c3 Nc5 24. Rb1 Nd3 25. Rd1 Bxa3 26. Rxd3 cxd3 27. Qxd3 Bc5 28. Be3 Qb8 29. Qc2 a3 30. b4 Bxd4 31. Bxd4 Ra6 32. Ra1 Rc8 33. Bc5 Qb7 34. Qg2 Qd7 35. Bd4 Qe6 36. Ra2 Qf5 37. Qf1 Rca8 38. Kh2 h5 39. Qf2 g5 40. fxg5 Qxf2+ 41. Bxf2 Kg7 42. Kg3 Kg6 43. Kf4 Rc8 44. Bd4 Rb8 45. h4 Rb5 46. Bc5 Rxc5 47. bxc5 Ra4+ 48. Kg3 Kf5 49. c6 Ke6 50. Rd2 a2 51. c7 Rc4 52. Rxa2 Rxc7 53. Re2 Rxc3+ 1/2-1/2

[Event "Balaguer op 16th "]
[Site "Balaguer"]
[Date "2011.07.24"]
[Round "8"]
[White "Borras Camarasa, Marc"]
[Black "Orrit Sole, Gerard"]
[Result "1/2-1/2"]
[WhiteElo "1601"]
[BlackElo "1711"]
[PlyCount "43"]
[EventDate "2011.07.17"]
[EventType "swiss"]
[EventRounds "9"]
[EventCountry "ESP"]
[SourceTitle "CBM 143 Extra"]
[Source "ChessBase"]
[SourceDate "2011.08.29"]
[SourceVersion "1"]
[SourceVersionDate "2011.08.29"]
[SourceQuality "1"]

1. e4 c5 2. Nf3 e6 3. d4 cxd4 4. Nxd4 a6 5. Bd3 g6 6. 0-0 Bg7 7. c3 Nc6 8. Be3 Nge7 9. Nd2 d5 10. exd5 Nxd5 11. Nxc6 bxc6 12. Bd4 0-0 13. Bxg7 Kxg7 14. Nc4 c5 15. Ne5 Bb7 16. Qd2 h6 17. Rad1 Rc8 18. Be4 Qh4 19. Qc2 Qf4 20. Bxd5 Bxd5 21. Nd7 Rfd8 22. Nb6 1/2-1/2

[Event "Balaguer op 16th "]
[Site "Balaguer"]
[Date "2011.07.17"]
[Round "1"]
[White "Orrit Sole, Gerard"]
[Black "Coll Ortega, Jordi"]
[Result "0-1"]
[WhiteElo "1711"]
[BlackElo "2303"]
[PlyCount "58"]
[EventDate "2011.07.17"]
[EventType "swiss"]
[EventRounds "9"]
[EventCountry "ESP"]
[SourceTitle "EXT 2012"]
[Source "ChessBase"]
[SourceDate "2011.11.24"]
[SourceVersion "1"]
[SourceVersionDate "2011.11.24"]
[SourceQuality "1"]

1. Nf3 Nf6 2. g3 d5 3. Bg2 g6 4. 0-0 Bg7 5. d4 0-0 6. c4 c6 7. b3 Bg4 8. Ne5 Be6 9. Bb2 Nbd7 10. Nf3 dxc4 11. bxc4 Bxc4 12. Nbd2 Ba6 13. Re1 Nd5 14. a3 c5 15. e4 Nc7 16. Rc1 cxd4 17. Bxd4 Bxd4 18. Nxd4 Ne5 19. Rxc7 Qxc7 20. f4 Nd3 21. Re3 e5 22. fxe5 Nxe5 23. N2f3 Rad8 24. Qe1 Nxf3+ 25. Nxf3 Qc5 26. Kh1 Rd1 27. Qxd1 Qxe3 28. Ne5 Qxa3 29. Nd7 Rc8 0-1

[Event "Lleida Province-chB"]
[Site "Almenar"]
[Date "2010.10.31"]
[Round "4"]
[White "Orrit Sole, Gerard"]
[Black "Molano Gonzalez, Angel"]
[Result "1-0"]
[WhiteElo "1681"]
[BlackElo "1590"]
[PlyCount "67"]
[EventDate "2010.10.10"]
[EventType "swiss"]
[EventRounds "9"]
[EventCountry "ESP"]
[SourceTitle "EXT 2019"]
[Source "ChessBase"]
[SourceDate "2018.10.10"]
[SourceVersion "1"]
[SourceVersionDate "2018.10.10"]
[SourceQuality "1"]

1. Nf3 e6 2. g3 Nf6 3. Bg2 g6 4. 0-0 Bg7 5. d3 0-0 6. Nbd2 d5 7. Qe1 Nbd7 8. e4 c6 9. Nh4 dxe4 10. dxe4 Ne5 11. f4 Qd4+ 12. Kh1 Neg4 13. Nb3 Qb6 14. h3 Nh6 15. g4 Nhxg4 16. hxg4 Nxg4 17. Qg3 h5 18. e5 Kh7 19. Bh3 Nh6 20. Be3 Qb5 21. Bc5 Rg8 22. Rfd1 Nf5 23. Nxf5 exf5 24. Bf1 Qa4 25. Rd4 Qxd4 26. Bxd4 Be6 27. Nc5 Bd5+ 28. Bg2 b6 29. Bxd5 cxd5 30. Nb7 Rac8 31. c3 Bf8 32. Nd6 Rc7 33. Ne8 Rc6 34. Nf6+ 1-0